00690cam a22002291 4500001000800000005001700008008004100025010001700066035001800083040002500101041000800126080001100134082001100145100000700156101000800163245007500171504003000246906004500276942001200321999001700333952011000350892816620171220073322.0731113s1963 gr a b 000 0 eng  a 65006906  a(OCoLC)740567 aDLCcOYUdOCoLCdDLC aeng a33 SUI a33 SUI1 a53 aEKO14aThe theory and application of econometric models,cby Daniel B. Suits. aBibliography: p. 145-147. a7bcbccoclcrplduencipf19gy-gencatlg 2ddccBK c39227d39227 00102udc40708PËKGa002b002cPËKGd2017-12-20l0o33 SUIp002-2938919r2017-12-20w2017-12-20yBK